000 00959nac a22002657a 4500
001 BR0602344
003 BR-BrBNA
005 20240105123322.0
008 230509b bl.|||m| |||| 00| 0 por d
040 _aBR-BrBNA
_bpor
_cBiblioteca Nacional de Agricultura
072 _aE14
090 _aE14 BR0602344
100 1 _aRibeiro, O.C.
100 1 _aVasconcelos, J.R.P.
100 1 _aRamalho, J.
110 1 _aEMBRAPA Secretaria de Apoio aos Sistemas Estaduais, Brasília, DF (Brasil)
_93716
245 1 _aConsórcio organizacional para promoção e apoio a atividades de P D e transferência de tecnologia agropecuária
260 3 _aBrasília, DF (Brasil):
_c2002.
300 _a51 p.
490 _aDocumentos - EMBRAPA Secretaria de Apoio aos Sistemas Estaduais (Brazil)
_vno. 1
_xISSN 1576-6407
650 _aTRANSFERÊNCIA DE TECNOLOGIA
650 _aADMINISTRAÇÃO
909 _a202312
_bLúcia Elande
_c55
_dLúcia Elande
942 _2AGRIS
_n0
_cMS
999 _c294930
_d294930